000 01872nam2a22003131 4500
001 RU\NLR\Per\810579
005 20250617192029.0
010 _a978-5-91836-020-0
_9100
035 _a(NLR Aleph) 003054900
090 _a2172711
_c2172711
100 _a20111028d2011 |||y0rusy50 ca
101 0 _arus
102 _aRU
105 _ay ||||000|y
200 1 _aАктуальные вопросы становления и развития русской культуры: Проблемы сохранения этнокультурной идентичности
210 _d2011
_aБ. м.
215 _a125 с.
_d20
320 _aБиблиогр. в конце ст.
461 0 _1001RU\NLR\INFOCOMM22\5000118019
_12001#$aТруды Государственного музея истории литературы, искусства и культуры Алтая$fГосударственный музей истории литературы, искусства и культуры Алтая$vВып.15
_94104896
_aГосударственный музей истории литературы, искусства и культуры Алтая (Барнаул)
_cБарнаул
_d1991-
_fГос. музей истории лит., искусства и культуры Алтая
_nAzgraphics
_tТруды Государственного музея истории литературы, искусства и культуры Алтая
_vВып.15
517 1 _aПроблемы сохранения этнокультурной идентичности
_zrus
607 _aРоссия
_jСборники
_xКультура
_xИстория
_91554377
_3RU\NLR\AUTH\66979878
686 1 _aТ3(2)0-7я43
801 1 _aRU
_bInfoComm
_c20050818
801 0 _aRU
_bNLR
_gPSBO
852 _aNLR
_jП34/1103
942 _cISSUE
980 _aNB
980 _aRUSPER